000 00563pam a2200217 a 4500
001 2842978
005 20180222042509.0
008 841211s1985 enk b 001 0 eng
010 _a 84028587
020 _a0521305039
040 _aDLC
_cDLC
_dDLC
041 _aeng
080 _a302.13 WRI
082 0 0 _a302.13 WRI
_219
100 1 _a50
101 _aSOC
245 1 0 _aLibertarian conflicts in social choice /
_cJohn L. Wriglesworth.
504 _aBibliography: p. 152-153.
906 _a7
_bcbc
_corignew
_d1
_eocip
_f19
_gy-gencatlg
942 _2ddc
_cBK
999 _c43145
_d43145